|
|
|
|
| LEADER |
00000cam a2200000 7i4500 |
| 001 |
0000000939 |
| 005 |
20240919.0 |
| 008 |
991125 my eng |
| 040 |
|
|
|a INS
|b eng
|e rda
|
| 090 |
0 |
0 |
|a KPG581
|b .S25 1988
|
| 100 |
0 |
|
|a Salleh Buang ,
|e author
|
| 245 |
1 |
0 |
|a New frontiers in harta sepencarian
|c Hj. Salleh bin Hj. Buang
|
| 264 |
|
1 |
|a Kelang :
|b Nordin & Salleh Sdn Bhd
|c 1988
|
| 264 |
|
4 |
|c ©1988
|
| 300 |
|
|
|a xi, 92 pages ;
|c 22 cm.
|
| 336 |
|
|
|a text
|2 rdacontent
|
| 337 |
|
|
|a unmediated
|2 rdamedia
|
| 338 |
|
|
|a volume
|2 rdacarrier
|
| 500 |
|
|
|a Includes index
|
| 650 |
|
0 |
|a Divorce settlements
|z Malaysia
|
| 650 |
|
0 |
|a Equitable distribution of marital property
|z Malaysia
|
| 999 |
|
|
|a 0000003231
|b BOOK
|c Open Shelf
|e Default branch
|